| LEADER | 03738nim a2200829 i 4500 | ||
|---|---|---|---|
| 001 | 313084 | ||
| 003 | CZ PrSKC | ||
| 005 | 20260601215735.0 | ||
| 007 | sd fungnnmmned | ||
| 008 | 190607t20172017xr nnnnj h n cze | ||
| 015 | |a cnb003101680 | ||
| 024 | 3 | |a 8594050423237 | |
| 040 | |a ABA001 |b cze |e rda | ||
| 072 | 7 | |a 821.162.3-3 |x Česká próza |2 Konspekt | |
| 072 | 7 | |a 821-93 |x Literatura pro děti a mládež (beletrie) |2 Konspekt | |
| 080 | |a 821.162.3-32 |2 MRF | ||
| 080 | |a (0:82-32) |2 MRF | ||
| 080 | |a (086.7.053.2) |2 MRF | ||
| 080 | |a (086.7)08 |2 MRF | ||
| 080 | |a (086.76) |2 MRF | ||
| 100 | 1 | |a Peroutková, Ivana, |d 1960- |7 jn20000401963 |4 aut | |
| 245 | 1 | 0 | |a Anička u moře / |c Ivana Peroutková |
| 264 | 1 | |a Praha : |b Albatros, |c [2017] | |
| 264 | 4 | |c ©2017 | |
| 300 | |a 1 audiodisk (2 hod., 25 min.) ; |c 12 cm | ||
| 306 | |a 022500 | ||
| 336 | |a mluvené slovo |b spw |2 rdacontent | ||
| 337 | |a audio |b s |2 rdamedia | ||
| 338 | |a audiodisk |b sd |2 rdacarrier | ||
| 344 | |a digital |b optical |2 rda | ||
| 347 | |a audio soubor |b MP3 |2 rda | ||
| 500 | |a Název z disku | ||
| 500 | |a Copyright Albatros Media | ||
| 500 | |a Nezkrácená audiokniha na MP3 CD | ||
| 508 | |a Režie, Jindřiška Nováková | ||
| 511 | 0 | |a Čte Martha Issová | |
| 518 | |o Nahráno |d březen 2017 |p zvukové studio DAMU, Praha | ||
| 521 | 8 | |a Pro posluchače od 5 let | |
| 655 | 7 | |a české příběhy |7 fd133973 |2 czenas | |
| 655 | 7 | |a zvukové záznamy pro děti a mládež |7 fd186726 |2 czenas | |
| 655 | 7 | |a audioknihy |7 fd119452 |2 czenas | |
| 655 | 7 | |a kompaktní disky |7 fd201991 |2 czenas | |
| 655 | 9 | |a Czech stories |2 eczenas | |
| 655 | 9 | |a juvenile sound recordings |2 eczenas | |
| 655 | 9 | |a audiobooks |2 eczenas | |
| 655 | 9 | |a compact discs |2 eczenas | |
| 700 | 1 | |a Nováková, Jindřiška, |d 1954- |7 jn20010601354 |4 drt | |
| 700 | 1 | |a Issová, Martha, |d 1981- |7 js20051128007 |4 nrt | |
| 787 | 0 | 8 | |i Z cyklu: |t Anička |g 3 |
| 900 | |a ABA001 |b 18 | ||
| 044 | |a xr | ||
| 505 | 0 | 0 | |t 01 Anicka s Tarkem nacvicuje divadlo, ale brzy se dozvi necekanou novinu (4 min., 12 sek.) |
| 505 | 0 | 0 | |t 02 Anicka poleti poprve v zivote k mori (5 min., 54 sek.) |
| 505 | 0 | 0 | |t 03 Louceni s kamarady a pripravy na cestu (6 min., 0 sek.) |
| 505 | 0 | 0 | |t 04 Aniccin prvni let vysoko do nebe (4 min., 50 sek.) |
| 505 | 0 | 0 | |t 05 V nezname zemi , styskani a prvni slzy (10 min., 23 sek.) |
| 505 | 0 | 0 | |t 06 Mumie si neda pokoj, ale Anicka ma uz lepsi naladu (3 min., 42 sek.) |
| 505 | 0 | 0 | |t 07 Co se Anicce prihodilo v mori (6 min., 53 sek.) |
| 505 | 0 | 0 | |t 08 Radostne prekvapeni u bazenu (6 min., 44 sek.) |
| 505 | 0 | 0 | |t 09 Anicka s Dominikou vymysleji nejruznejsi hry (8 min., 34 sek.) |
| 505 | 0 | 0 | |t 10 Vylet do trznice, kde se vydesena Anicka ocitne na sicim stroji (12 min., 26 sek.) |
| 505 | 0 | 0 | |t 11 Znovu u more a obrovsky vichr, ktery Anicce neco navzdy odnese (10 min., 21 sek.) |
| 505 | 0 | 0 | |t 12 Vylet na velbloudech, kde si Anicka pripomene, na co malem zapomela (12 min., 57 sek.) |
| 505 | 0 | 0 | |t 13 Lodi na koralovy ostrov (13 min., 59 sek.) |
| 505 | 0 | 0 | |t 14 Aniccin blaznivy sen (2 min., 55 sek.) |
| 505 | 0 | 0 | |t 15 Co zpusobil rozbity zip a komu dala Anicka prvni baksis (10 min., 53 sek.) |
| 505 | 0 | 0 | |t 16 Udoli kralu, egyptsti bohove a opravdova mumie (8 min., 33 sek.) |
| 505 | 0 | 0 | |t 17 Tanecni vecirek, na kterem Anicka dostane necekany darek (10 min., 46 sek.) |
| 505 | 0 | 0 | |t 18 Posledni den (5 min., 40 sek.) |
| 910 | |a RBIT002 | ||
| 998 | |d 354311 |a https://core.palmknihy.cz/api/books/354311/cover?sia8t1 |b https://core.palmknihy.cz/api/books/354311/cover/400?sia8t1 |c https://core.palmknihy.cz/api/books/354311/cover/50?sia8t1 |e 2033-12-31 |i 8594050423237 |l 8760 |q 49 |r 1 |s https://www.palmknihy.cz/kniha/354311 |t audiobook |y 2017 |z 0 | ||
| 999 | |d 313082 | ||